00672nam a2200241 a 4500001001300000003000900013005001700022008004100039020001000080082001800090100002200108245001600130260003600146300000900182500003500191505002200226650001600248700002200264902000800286942000700294952011400301999001500415nice12345678IN_TiNIC20260116011815.0050524s1971 luca grp 000 0 urd  ac2.500a891.4391bBEH aBehzad Lucknowi,  aWajd-O-Haal aLucknowbNaseem Book Depoc1971 a107p aincludes index and biblioraphy2 aVarious Documents aUrdu-Poetry1 aBehzad Lucknowi,  bSRS cBK 001040708StackRoom-aHMIbHMId2007-06-22g2.50l0o891.4391 BEHp06167r2007-06-22v2.50w2005-05-24yBK c4118d4118